000 00455nam a2200169 i 4500
001 70651
003 ES-MaACL
005 20230906170859.0
007 t|
008 040729s1962 sp ||||1| spa d
100 1 _aGardó, José.
_955519
245 1 0 _aBases del éxito en los negocios /
_cpor José Gardó.
250 _a3ª ed.
260 _aBarcelona :
_bJuan Bruguer,
_c[1962]
300 _a224 p. ;
_c22 cm.
852 _aES-MaACL
_jC-21635
_bR.50170
999 _c70651
_d70651